International genealogy and local history : papers presented by the Genealogy and Local History Section at IFLA General Conferences, 2001-2005 (Record no. 16)
[ view plain ]
| 000 -LEADER | |
|---|---|
| fixed length control field | 00744nam a2200169Ia 4500 |
| 008 - FIXED-LENGTH DATA ELEMENTS--GENERAL INFORMATION | |
| fixed length control field | 240428s9999||||xx |||||||||||||| ||und|| |
| 020 ## - INTERNATIONAL STANDARD BOOK NUMBER | |
| International Standard Book Number | 9783598220364 |
| 041 ## - LANGUAGE CODE | |
| Language code of text/sound track or separate title | eng |
| 082 ## - DEWEY DECIMAL CLASSIFICATION NUMBER | |
| Classification number | 025.I |
| 100 ## - MAIN ENTRY--PERSONAL NAME | |
| Personal name | Hedegaard Ruth - IFLA General Conference. - Melrose., Elizabeth Anne |
| 245 #0 - TITLE STATEMENT | |
| Title | International genealogy and local history : papers presented by the Genealogy and Local History Section at IFLA General Conferences, 2001-2005 |
| 260 ## - PUBLICATION, DISTRIBUTION, ETC. | |
| Name of publisher, distributor, etc. | K. G. Saur |
| Place of publication, distribution, etc. | Munchen |
| Date of publication, distribution, etc. | 2008 |
| 300 ## - PHYSICAL DESCRIPTION | |
| Extent | 287 p. : ill., maps. |
| 650 ## - SUBJECT ADDED ENTRY--TOPICAL TERM | |
| Topical term or geographic name entry element | Genealogy - Library resources - Congresses. - Genealogy - Archival resources - Congresses. - Local history - Archival resources - Congresses. - Local history - Library resources - Congresses. |
| 942 ## - ADDED ENTRY ELEMENTS (KOHA) | |
| Koha item type | Conference Papers and Reports |
| Withdrawn status | Lost status | Damaged status | Not for loan | Home library | Current library | Shelving location | Date acquired | Total checkouts | Full call number | Date last seen | Copy number | Price effective from | Koha item type |
|---|---|---|---|---|---|---|---|---|---|---|---|---|---|
| Main Library | Main Library | Open Shelves | 22/07/2021 | 025.I C1 461 | 29/04/2024 | 1 | 29/04/2024 | Conference Papers and Reports |